000 00318nam a22001337a 4500
008 210302b ||||| |||| 00| 0 eng d
020 _a9781256594062
041 _aeng
080 _a316
100 _a50
101 _aSOC
245 _aContested Rethinking Canadian Experience Sociology
_cHale,M.S
942 _2udc
_cBK
999 _c55436
_d55436